"Hej Rákóczy..." (II. Rákóczy Ferenc alakja a néphagyományban}
Elmentve itt :
| Szerző: | |
|---|---|
| Adatforrás: | Meister |
| Forrásdokumentuma: | Művelődés. - 6-7 sz., 1993, 6-8 p. |
| Nyelv: | magyar |
| Kulcsszavak: | etnográfia kisebbségtörténet szatmári béke, 1711 kurucok labancok Rákóczi-szabadságharc Magyarország Erdély RÁKÓCZI Ferenc II. CSEREI Mihály KÁROLYI Sándor |
| LEADER | 00681nab a2200241 i 4500 | ||
|---|---|---|---|
| 001 | bibPRO00003177 | ||
| 008 | 060524s1993 xx hun | ||
| 040 | |a Sz1 | ||
| 041 | |a hun | ||
| 100 | 1 | |a DÉZNAI Péter | |
| 245 | 1 | 1 | |a "Hej Rákóczy..." (II. Rákóczy Ferenc alakja a néphagyományban} |c DÉZNAI Péter |
| 695 | |a etnográfia | ||
| 695 | |a kisebbségtörténet | ||
| 695 | |a szatmári béke, 1711 | ||
| 695 | |a kurucok | ||
| 695 | |a labancok | ||
| 695 | |a Rákóczi-szabadságharc | ||
| 695 | |a Magyarország | ||
| 695 | |a Erdély | ||
| 695 | |a RÁKÓCZI Ferenc II. | ||
| 695 | |a CSEREI Mihály | ||
| 695 | |a KÁROLYI Sándor | ||
| 773 | 0 | |t Művelődés. - |g 6-7 sz., 1993, 6-8 p. | |